00857nam a2200181 a 4500003000200000005001700002008004100019050003000060100003100090245022900121260009200350300004800442504004100490650004200531650003300573650003700606650003200643020250428152813.0970114s19uu xx 00 eng d aPGS TX 553.C3b.C512 2003 aChavez, Sabrina Adelani P. aThe health impact of soda pop :ban awareness study on the health impact of carbonated beverage consumption among fourth year high school students of Southville International School and Colleges /cSabrina Adelina P. Chavez. aLas Piñas City, Philippines : bSouthville International School and Colleges,c2003. a40 pages :bcolored illustrations ;c28 cm. aIncludes bibliographical references. aCarbonated beveragesvHealth aspects. aSoft drinksvHealth aspects. aDrinking habitsvHealth aspects. aNutritionvHealth aspects..